00190nam a22000857a 4500020001800000100001800018245002600036260003100062300001100093 a9780545301725 aJerry Pallota aTarantula Vs Scorpion aNew YorKbScholasticc2012 a32 pgs